Southville International School and Colleges
Your cart is empty.
  • Cart
  • Lists
    Public lists Eva Luna New books Lux_list list_1
    Your lists Log in to create your own lists
  • Log in to your account
  • Your cookies
  • Search history
Southville International School and Colleges
  • Advanced search
  • Recent comments
  • Most popular
  • Libraries

Log in to your account

Log in with GOOGLE


If you do not have an external account, but do have a local account, you can still log in:

  1. Home
  2. MARC view: Agaw-armas :
Normal view MARC view ISBD view

Agaw-armas : (Record no. 366656)

[ view plain ]
MARC details
000 -LEADER
fixed length control field 00929nam a22002297a 4500
003 - CONTROL NUMBER IDENTIFIER
control field 0
005 - DATE AND TIME OF LATEST TRANSACTION
control field 20250113154436.0
008 - FIXED-LENGTH DATA ELEMENTS--GENERAL INFORMATION
fixed length control field 241107b xxu||||| |||| 00| 0 eng d
050 ## - LIBRARY OF CONGRESS CALL NUMBER
Classification number PHS DS 679.5
Item number .C115 2024
100 ## - MAIN ENTRY--PERSONAL NAME
Personal name Cabiles, John Matthew Bryan S.,
Relator term author.
245 ## - TITLE STATEMENT
Title Agaw-armas :
Remainder of title Filipino military weapons and tactics during the Philippine Revolution (1896-1898) /
Statement of responsibility, etc John Matthew Bryan S. Cabiles.
260 ## - PUBLICATION, DISTRIBUTION, ETC. (IMPRINT)
Place of publication, distribution, etc Las Piñas :
Name of publisher, distributor, etc Southville International School and Colleges,
Date of publication, distribution, etc 2024.
300 ## - PHYSICAL DESCRIPTION
Extent v, 142 p. :
Other physical details col. ill. ;
Dimensions 30 cm.
504 ## - BIBLIOGRAPHY, ETC. NOTE
Bibliography, etc Includes bibliographical references.
650 ## - SUBJECT ADDED ENTRY--TOPICAL TERM
Topical term or geographic name as entry element Philippine Revolution, 1896-1898.
650 ## - SUBJECT ADDED ENTRY--TOPICAL TERM
Topical term or geographic name as entry element Weapons, Military
Form subdivision History.
Geographic subdivision Philippines
650 ## - SUBJECT ADDED ENTRY--TOPICAL TERM
Topical term or geographic name as entry element Tactics, Military.
650 ## - SUBJECT ADDED ENTRY--TOPICAL TERM
Topical term or geographic name as entry element Guerrilla warfare
Form subdivision History.
Geographic subdivision Philippines
650 ## - SUBJECT ADDED ENTRY--TOPICAL TERM
Topical term or geographic name as entry element Arms & armor
Geographic subdivision Philippines.
651 ## - SUBJECT ADDED ENTRY--GEOGRAPHIC NAME
Geographic name Philippines
Form subdivision History
Geographic subdivision Revolution, 1896-1898
General subdivision Military aspects
942 ## - ADDED ENTRY ELEMENTS (KOHA)
Source of classification or shelving scheme Library of Congress Classification
Koha item type PASS
Holdings
Withdrawn status Lost status Source of classification or shelving scheme Damaged status Home library Current library Shelving location Date acquired Source of acquisition Total Checkouts Full call number Barcode Date last seen Price effective from Koha item type
    Library of Congress Classification   Luxembourg Library Luxembourg Library Portfolio Assessment of SISC Students Section 06/07/2024 Donation   PHS DS 679.5 .C115 2024 P3592 11/07/2024 11/07/2024 PASS

Agaw-armas :

APA

Cabiles J. M. B. S., . (2024). Agaw-armas. Las Piñas: Southville International School and Colleges.

Chicago

Cabiles John Matthew Bryan S, . 2024. Agaw-armas. Las Piñas: Southville International School and Colleges.

Harvard

Cabiles J. M. B. S., . (2024). Agaw-armas. Las Piñas: Southville International School and Colleges.

MLA

Cabiles John Matthew Bryan S, . Agaw-armas. Las Piñas: Southville International School and Colleges. 2024.

  • Print
  • Cite
  • Add to your cart (remove)
  • Save record
    BIBTEX Dublin Core MARCXML MARC (non-Unicode/MARC-8) MARC (Unicode/UTF-8) MARC (Unicode/UTF-8, Standard) MODS (XML) RIS
  • More searches
    Search for this title in:
    Other Libraries (WorldCat) Other Databases (Google Scholar) Online Stores (Bookfinder.com) Open Library (openlibrary.org)

Exporting to Dublin Core...

SOUTHVILLE LIBRARY

Southville International School and Colleges Library

1281 Tropical Ave. Cor. Luxembourg St., BF Homes International, Las Pinas City

Tel. No. 8256374 / 252358 Loc. 117/146

Powered by Koha